| 000 | 00804cam a2200205 4500 | ||
|---|---|---|---|
| 001 | WB3723-27 | ||
| 008 | 000000n2001 000 0 eng u | ||
| 035 | _a(Sirsi) u113061 | ||
| 245 | _aEstate agent commission | ||
| 260 | _c2001 | ||
| 490 |
_aEstates Gazette Case Summaries _v[2001] 23 EG 156 (CS) (9/6/01) |
||
| 520 | _a"Lady Manor Ltd v Fat Cat Cafe Bars" West London County Courtheld that the recipient of an introductory letter is under no obligation to pay a fee, challenging the long-standing practice of agent's challenging fees. (See also Abs64439). | ||
| 590 | _aWB | ||
| 650 | _aESTATE AGENTS | ||
| 650 | _aCOMMISSION | ||
| 650 | _aINTRODUCTORY FEES | ||
| 650 | _aLADY MANOR LTD V FAT CAT CAFE BARS | ||
| 690 | _aMANAGEMENT-BUSINESS MANAGEMENT-PROFESSIONAL PRACTICE | ||
| 942 | _n0 | ||
| 999 |
_c67301 _d67301 |
||